000 00470nam a2200157 i 4500
001 29440
003 ES-MaACL
005 20230906154032.0
007 t|
008 030122s1890 bl ||||1| por d
100 1 _aBarbosa Rodrigues, J.
_925477
245 1 0 _aPoranduba amazonense ou kochiyma
_b: Nora Porundub 1872-1887 /
_cpor J. Barbosa Rodrigues.
260 _aRio de Janeiro :
_bG. Lenzinger,
_c1890.
300 _aXV, 334 p. ;
_c28 cm.
852 _aES-MaACL
_jF-716
999 _c29440
_d29440